000 00447nam a22001577a 4500
003 BD-ChCU
005 20260112141611.0
008 260112b bg ||||| |||| 00| 0 ben d
040 _cBD-ChCU
082 _aREF 462.03 SUE
100 _aSukumar Sen .
_919049
245 _aAn etymological dictionary of Bengali : c. 1000 -1800 A.D.
_cSen Sukumar.
260 _aCalcutta :
_bEastern pub ,
_cC 1971
300 _avol . 1 & 2 .
942 _2ddc
_cBK
_n0
999 _c110941
_d110941